Sports Quiz

Random Sports or Famous Quiz
Score 0/25 Timer 05:00
5 Plays Today
Hint Answer % Correct
TMike Tyson
89.5%
JLeBron James
89.2%
NRafael Nadal
85.3%
FBrett Favre
79.9%
EPatrick Ewing
78.1%
AAndre Agassi
75.4%
PArnold Palmer
66%
SJohn Stockton
65.5%
IMichael Irvin
64.5%
GKen Griffey Jr.
64.3%
CSidney Crosby
64.2%
RWayne Rooney
64%
KBillie Jean King
62.6%
Hint Answer % Correct
VJustin Verlander
62.4%
OAlexander Ovechkin
60.1%
YSteve Young
52.7%
WMichelle Wie
52.3%
UChase Utley
50.4%
MAlex Morgan
45%
DGabby Douglas
44.6%
HThierry Henry
40.5%
ZBarry Zito
37.3%
BSue Bird
22.7%
QMike Quick
14.7%
LBrian Lara
10.4%
Remove Ads.
Support Sporcle.
Get the best of Sporcle when you Go Orange. This ad-free experience offers more features, more stats, and more fun while also helping to support Sporcle. Thank you for becoming a member.

You're not logged in!

Compare scores with friends on all Sporcle quizzes.
OR
Log In

Show Comments

Extras

Top Quizzes Today


Score Distribution

Your Account Isn't Verified!

In order to create a playlist on Sporcle, you need to verify the email address you used during registration. Go to your Sporcle Settings to finish the process.

Report this User

Report this user for behavior that violates our Community Guidelines.

Details: